Логика. Практикум: учебное пособие для бакалавров

Bibliografiske detaljer
Hovedforfatter: Михайлов К. А. Кирилл Авенирович
Andre forfattere: Горбатов В. В. Виктор Викторович
Summary:Настоящая книга — вторая часть учебно-методического комплекса, в который также входит Учебник. В данный Практикум вошли как задачи и упражнения по базовому курсу логики (включая варианты тематических и комплексных контрольных работ и тестов, атакже объемные подборки примеров по каждому вопросу теоретического курса), гак и большой массив "задач на смекалку". Опираясь на лучшие традиции отечественной и мировой популяризации науки, исследований в области теории и практики формирования культуры научного мышления (в том числе нестандартного мышления), исторический опыт создания практических пособий но логике, включая «логику для жизни», авторы (профессиональные логики-методисты) — в полном соответствии с инновационной политикой в области образования и "требованиями эпохи" — представляют эксклюзивный материал подобного рода, в том числе "Комплексные содержательные задания но всему курсу логики", "Задачи на соответствие", "Логическое ЧГК". фундаментальное исследование теории и практики индуктивных игр. нетривиальные комбинаторные задачи и др. Пособие богато иллюстрировано, содержит ряд юмористических вставок с логическим подтекстом "на злобу дня". Тексты написаны живым, увлекательным языком, многие задания взяты из жизни, фольклора, яьляются результатом «творческого прочтения» классических источников и т.д. Таким образом, логика здесь предстает как триединство теоретического, практического и мировоззренческого (духовно-практического), как преобразующее личность "искусство мыслить".
Sprog:russisk
Udgivet: Москва, Юрайт, 2012
Serier:Бакалавр. Углубленный курс
Fag:
Format: MixedMaterials Bog
KOHA link:https://koha.lib.tpu.ru/cgi-bin/koha/opac-detail.pl?biblionumber=211085

MARC

LEADER 00000nam0a2200000 4500
001 211085
005 20231101225644.0
010 |a 9785991618663 
035 |a (RuTPU)RU\TPU\book\230564 
090 |a 211085 
100 |a 20120310d2012 m y0rusy50 ca 
101 0 |a rus 
102 |a RU 
105 |a a j 000zy 
200 1 |a Логика. Практикум  |e учебное пособие для бакалавров  |f К. А. Михайлов, В. В. Горбатов 
210 |a Москва  |c Юрайт  |d 2012 
215 |a 509 с.  |c ил. 
225 1 |a Бакалавр. Углубленный курс 
330 |a Настоящая книга — вторая часть учебно-методического комплекса, в который также входит Учебник. В данный Практикум вошли как задачи и упражнения по базовому курсу логики (включая варианты тематических и комплексных контрольных работ и тестов, атакже объемные подборки примеров по каждому вопросу теоретического курса), гак и большой массив "задач на смекалку". Опираясь на лучшие традиции отечественной и мировой популяризации науки, исследований в области теории и практики формирования культуры научного мышления (в том числе нестандартного мышления), исторический опыт создания практических пособий но логике, включая «логику для жизни», авторы (профессиональные логики-методисты) — в полном соответствии с инновационной политикой в области образования и "требованиями эпохи" — представляют эксклюзивный материал подобного рода, в том числе "Комплексные содержательные задания но всему курсу логики", "Задачи на соответствие", "Логическое ЧГК". фундаментальное исследование теории и практики индуктивных игр. нетривиальные комбинаторные задачи и др. Пособие богато иллюстрировано, содержит ряд юмористических вставок с логическим подтекстом "на злобу дня". Тексты написаны живым, увлекательным языком, многие задания взяты из жизни, фольклора, яьляются результатом «творческого прочтения» классических источников и т.д. Таким образом, логика здесь предстает как триединство теоретического, практического и мировоззренческого (духовно-практического), как преобразующее личность "искусство мыслить". 
606 1 |a Логика  |2 stltpush  |3 (RuTPU)RU\TPU\subj\40551  |9 60396 
610 1 |a тесты 
610 1 |a упражнения 
610 1 |a задачи 
610 1 |a неформальная логика 
610 1 |a нестандартная логика 
610 1 |a рассуждения 
610 1 |a индуктивные игры 
610 1 |a формальная логика 
610 1 |a задачи 
610 1 |a решения 
610 1 |a практикумы 
610 1 |a учебные пособия 
686 |a Ю4я73  |v LBC/SL-A  |2 rubbk 
700 1 |a Михайлов  |b К. А.  |g Кирилл Авенирович 
701 1 |a Горбатов  |b В. В.  |g Виктор Викторович 
801 1 |a RU  |b 63413507  |c 20120310 
801 2 |a RU  |b 63413507  |c 20150616  |g RCR 
900 |a Логика 
942 |c BK 
952 |l 8 
959 |a 40/20120310  |d 2  |e 329,00  |f ЧЗГЛ:1  |f АНЛ:1